MCU Movies By Quote - Statistics

General Stats
  • This quiz has been taken 412 times
  • The average score is 8 of 11
Answer Stats
Quote Movie % Correct
Cheeseburger first. Iron Man
95%
We did it, Mr. Stark. We won. Endgame
92%
You should have gone for the head. Infinity War
92%
I'm gonna have to shrink betweeen the molecules... Ant-Man
89%
On your left. The Winter Soldier
84%
Yeah, it's just... I had a date... Captain America
75%
If you're nothing without the suit, you don't deserve it. Homecoming
75%
If you get hurt, hurt 'em back. If you get killed... walk it off. Age of Ultron
74%
Do you really wanna punch your way out of this one? Civil War
66%
Tell the Supreme Intelligence that I'm coming to end it. Captain Marvel
49%
I was only, like, sixty-seven percent sure! Far From Home
40%
No matching quizzes found
Score Distribution
Percent of People with Each Score
Percentile by Number Answered
Your Score History
You have not taken this quiz